<?xml version="1.0" encoding="UTF-8"?>
<record
    xmlns:xsi="http://www.w3.org/2001/XMLSchema-instance"
    xsi:schemaLocation="http://www.loc.gov/MARC21/slim http://www.loc.gov/standards/marcxml/schema/MARC21slim.xsd"
    xmlns="http://www.loc.gov/MARC21/slim">

  <leader>02916nkm0a2200457   4500</leader>
  <controlfield tag="001">RU\NLR\BIBL_A\016360464</controlfield>
  <controlfield tag="005">20260409003006.0</controlfield>
  <datafield tag="035" ind1=" " ind2=" ">
    <subfield code="a">(NLR Aleph) 016360464</subfield>
  </datafield>
  <datafield tag="090" ind1=" " ind2=" ">
    <subfield code="a">13649510</subfield>
    <subfield code="c">13649510</subfield>
  </datafield>
  <datafield tag="100" ind1=" " ind2=" ">
    <subfield code="a">20260409              rusy50        </subfield>
  </datafield>
  <datafield tag="101" ind1="0" ind2=" ">
    <subfield code="a">rus</subfield>
  </datafield>
  <datafield tag="102" ind1=" " ind2=" ">
    <subfield code="a">RU</subfield>
  </datafield>
  <datafield tag="116" ind1=" " ind2=" ">
    <subfield code="a">diybxx    zz    ae</subfield>
  </datafield>
  <datafield tag="135" ind1=" " ind2=" ">
    <subfield code="a">crcn 024anaba</subfield>
  </datafield>
  <datafield tag="181" ind1=" " ind2="0">
    <subfield code="a">b4</subfield>
    <subfield code="b">xb2e  </subfield>
  </datafield>
  <datafield tag="182" ind1=" " ind2="0">
    <subfield code="a">n</subfield>
  </datafield>
  <datafield tag="200" ind1="1" ind2=" ">
    <subfield code="a">&#x422;&#x438;&#x445;&#x43E;&#x43E;&#x43A;&#x435;&#x430;&#x43D;&#x441;&#x43A;&#x430;&#x44F; &#x44D;&#x441;&#x43A;&#x430;&#x434;&#x440;&#x430;</subfield>
    <subfield code="i">"&#x41A;&#x43E;&#x440;&#x435;&#x435;&#x446;" - &#x43A;&#x430;&#x43D;&#x43E;&#x43D;&#x435;&#x440;&#x441;&#x43A;&#x430;&#x44F; &#x43B;&#x43E;&#x434;&#x43A;&#x430;</subfield>
    <subfield code="e">&#x43E;&#x442;&#x43A;&#x440;&#x44B;&#x442;&#x43E;&#x435; &#x43F;&#x438;&#x441;&#x44C;&#x43C;&#x43E;</subfield>
  </datafield>
  <datafield tag="203" ind1=" " ind2=" ">
    <subfield code="a">&#x418;&#x437;&#x43E;&#x431;&#x440;&#x430;&#x436;&#x435;&#x43D;&#x438;&#x435;</subfield>
    <subfield code="b">&#x43D;&#x435;&#x43F;&#x43E;&#x434;&#x432;&#x438;&#x436;&#x43D;&#x43E;&#x435;</subfield>
    <subfield code="b">&#x434;&#x432;&#x443;&#x445;&#x43C;&#x435;&#x440;&#x43D;&#x43E;&#x435;</subfield>
    <subfield code="b">&#x432;&#x438;&#x437;&#x443;&#x430;&#x43B;&#x44C;&#x43D;&#x43E;&#x435;</subfield>
    <subfield code="c">&#x43D;&#x435;&#x43F;&#x43E;&#x441;&#x440;&#x435;&#x434;&#x441;&#x442;&#x432;&#x435;&#x43D;&#x43D;&#x43E;&#x435;</subfield>
  </datafield>
  <datafield tag="210" ind1=" " ind2=" ">
    <subfield code="a">[&#x411;. &#x43C;.</subfield>
    <subfield code="c">&#x431;. &#x438;.</subfield>
    <subfield code="d">&#x43C;&#x435;&#x436;&#x434;&#x443; 1900 &#x438; 1904]</subfield>
  </datafield>
  <datafield tag="215" ind1=" " ind2=" ">
    <subfield code="a">1 &#x43B;.</subfield>
    <subfield code="c">&#x444;&#x43E;&#x442;&#x43E;&#x442;&#x438;&#x43F;.</subfield>
    <subfield code="d">9&#x445;14,2</subfield>
  </datafield>
  <datafield tag="325" ind1=" " ind2=" ">
    <subfield code="a">&#x41A;&#x43E;&#x43F;&#x438;&#x44F; &#x434;&#x43E;&#x441;&#x442;&#x443;&#x43F;&#x43D;&#x430; &#x432; &#x42D;&#x43B;&#x435;&#x43A;&#x442;&#x440;&#x43E;&#x43D;. &#x431;-&#x43A;&#x435; &#x420;&#x41D;&#x411;</subfield>
  </datafield>
  <datafield tag="601" ind1="0" ind2="2">
    <subfield code="a">"&#x41A;&#x43E;&#x440;&#x435;&#x435;&#x446;", &#x43A;&#x430;&#x43D;&#x43E;&#x43D;&#x435;&#x440;&#x441;&#x43A;&#x430;&#x44F; &#x43B;&#x43E;&#x434;&#x43A;&#x430;</subfield>
    <subfield code="j">&#x41E;&#x442;&#x43A;&#x440;&#x44B;&#x442;&#x43A;&#x438;</subfield>
    <subfield code="9">2625131</subfield>
    <subfield code="3">RU\NLR\AUTH\661561691</subfield>
  </datafield>
  <datafield tag="601" ind1="0" ind2="2">
    <subfield code="a">&#x42D;&#x441;&#x43A;&#x430;&#x434;&#x440;&#x430; &#x422;&#x438;&#x445;&#x43E;&#x433;&#x43E; &#x43E;&#x43A;&#x435;&#x430;&#x43D;&#x430;</subfield>
    <subfield code="c">1</subfield>
    <subfield code="j">&#x41E;&#x442;&#x43A;&#x440;&#x44B;&#x442;&#x43A;&#x438;</subfield>
    <subfield code="9">2435780</subfield>
    <subfield code="3">RU\NLR\AUTH\661449441</subfield>
  </datafield>
  <datafield tag="606" ind1="1" ind2=" ">
    <subfield code="a">&#x41F;&#x43E;&#x447;&#x442;&#x43E;&#x432;&#x44B;&#x435; &#x43E;&#x442;&#x43A;&#x440;&#x44B;&#x442;&#x43A;&#x438; &#x43C;&#x430;&#x440;&#x43A;&#x438;&#x440;&#x43E;&#x432;&#x430;&#x43D;&#x43D;&#x44B;&#x435; &#x445;&#x443;&#x434;&#x43E;&#x436;&#x435;&#x441;&#x442;&#x432;&#x435;&#x43D;&#x43D;&#x44B;&#x435;</subfield>
    <subfield code="y">&#x420;&#x43E;&#x441;&#x441;&#x438;&#x44F;</subfield>
    <subfield code="z">1895 - 1917</subfield>
    <subfield code="9">2195710</subfield>
    <subfield code="3">RU\NLR\AUTH\6601555036</subfield>
  </datafield>
  <datafield tag="606" ind1="1" ind2=" ">
    <subfield code="a">&#x424;&#x43E;&#x442;&#x43E;&#x433;&#x440;&#x430;&#x444;&#x438;&#x447;&#x435;&#x441;&#x43A;&#x438;&#x435; &#x43E;&#x442;&#x43A;&#x440;&#x44B;&#x442;&#x43A;&#x438;</subfield>
    <subfield code="9">2151039</subfield>
    <subfield code="3">RU\NLR\AUTH\661600135</subfield>
  </datafield>
  <datafield tag="686" ind1="1" ind2=" ">
    <subfield code="a">&#x429;153(2&#x420;=&#x420;&#x443;&#x441;)53-489</subfield>
  </datafield>
  <datafield tag="711" ind1="0" ind2="2">
    <subfield code="a">"&#x41A;&#x43E;&#x440;&#x435;&#x435;&#x446;", &#x43A;&#x430;&#x43D;&#x43E;&#x43D;&#x435;&#x440;&#x441;&#x43A;&#x430;&#x44F; &#x43B;&#x43E;&#x434;&#x43A;&#x430;</subfield>
    <subfield code="9">843774</subfield>
    <subfield code="3">RU\NLR\AUTH\8810173889</subfield>
  </datafield>
  <datafield tag="711" ind1="0" ind2="2">
    <subfield code="a">&#x42D;&#x441;&#x43A;&#x430;&#x434;&#x440;&#x430; &#x422;&#x438;&#x445;&#x43E;&#x433;&#x43E; &#x43E;&#x43A;&#x435;&#x430;&#x43D;&#x430;</subfield>
    <subfield code="c">1</subfield>
    <subfield code="9">746643</subfield>
    <subfield code="3">RU\NLR\AUTH\880541260</subfield>
  </datafield>
  <datafield tag="830" ind1=" " ind2=" ">
    <subfield code="a">"&#x41F;&#x435;&#x440;&#x432;&#x430;&#x44F; &#x422;&#x438;&#x445;&#x43E;&#x43E;&#x43A;&#x435;&#x430;&#x43D;&#x441;&#x43A;&#x430;&#x44F; &#x44D;&#x441;&#x43A;&#x430;&#x434;&#x440;&#x430; ... &#x41A;&#x43E;&#x440;&#x430;&#x431;&#x435;&#x43B;&#x44C;&#x43D;&#x44B;&#x439; &#x441;&#x43E;&#x441;&#x442;&#x430;&#x432; &#x44D;&#x441;&#x43A;&#x430;&#x434;&#x440;&#x44B; ... &#x41A;&#x440;&#x435;&#x439;&#x441;&#x435;&#x440; &#xAB;&#x412;&#x430;&#x440;&#x44F;&#x433;&#xBB;, &#x43A;&#x430;&#x43D;&#x43E;&#x43D;&#x435;&#x440;&#x441;&#x43A;&#x438;&#x435; &#x43B;&#x43E;&#x434;&#x43A;&#x438; &#xAB;&#x41A;&#x43E;&#x440;&#x435;&#x435;&#x446;&#xBB;, &#xAB;&#x41C;&#x430;&#x43D;&#x44C;&#x447;&#x436;&#x443;&#x440;&#xBB;, &#xAB;&#x421;&#x438;&#x432;&#x443;&#x447;&#xBB; &#x432; &#x43A;&#x430;&#x447;&#x435;&#x441;&#x442;&#x432;&#x435; &#x441;&#x442;&#x430;&#x446;&#x438;&#x43E;&#x43D;&#x435;&#x440;&#x43E;&#x432; &#x43D;&#x430;&#x445;&#x43E;&#x434;&#x438;&#x43B;&#x438;&#x441;&#x44C; &#x432; &#x438;&#x43D;&#x43E;&#x441;&#x442;&#x440;&#x430;&#x43D;&#x43D;&#x44B;&#x445; &#x43F;&#x43E;&#x440;&#x442;&#x430;&#x445; &#x414;&#x430;&#x43B;&#x44C;&#x43D;&#x435;&#x433;&#x43E; &#x412;&#x43E;&#x441;&#x442;&#x43E;&#x43A;&#x430;": https://ru.wikipedia.org/wiki/&#x41F;&#x435;&#x440;&#x432;&#x430;&#x44F;_&#x422;&#x438;&#x445;&#x43E;&#x43E;&#x43A;&#x435;&#x430;&#x43D;&#x441;&#x43A;&#x430;&#x44F;_&#x44D;&#x441;&#x43A;&#x430;&#x434;&#x440;&#x430; (03.05.2023). &#x410;&#x42F; &#x41E;&#x42D;&#x424;</subfield>
  </datafield>
  <datafield tag="830" ind1=" " ind2=" ">
    <subfield code="a">&#x41E;&#x442;&#x43A;&#x440;&#x44B;&#x442;&#x43A;&#x430; &#x434;&#x430;&#x442;&#x438;&#x440;&#x43E;&#x432;&#x430;&#x43D;&#x430; &#x43F;&#x43E; &#x43E;&#x444;&#x43E;&#x440;&#x43C;&#x43B;&#x435;&#x43D;&#x438;&#x44E; &#x430;&#x434;&#x440;&#x435;&#x441;&#x43D;&#x43E;&#x439; &#x441;&#x442;&#x43E;&#x440;&#x43E;&#x43D;&#x44B; (&#x431;&#x435;&#x437; &#x440;&#x430;&#x437;&#x434;&#x435;&#x43B;&#x438;&#x442;&#x435;&#x43B;&#x44C;&#x43D;&#x43E;&#x439; &#x43B;&#x438;&#x43D;&#x438;&#x438;). &#x410;&#x42F; &#x41E;&#x42D;&#x424;</subfield>
  </datafield>
  <datafield tag="852" ind1="0" ind2="0">
    <subfield code="a">NLR</subfield>
    <subfield code="b">&#x42D;</subfield>
    <subfield code="j">&#x41E;&#x412;&#x43E;640/317</subfield>
    <subfield code="m">&#x42D;&#x43E;&#x442;9681</subfield>
  </datafield>
  <datafield tag="856" ind1=" " ind2="0">
    <subfield code="u">https://vivaldi.nlr.ru/lo000010117/view</subfield>
  </datafield>
  <datafield tag="856" ind1=" " ind2="1">
    <subfield code="u">https://vivaldi.nlr.ru/lo000010117/cover</subfield>
  </datafield>
  <datafield tag="856" ind1=" " ind2="2">
    <subfield code="u">https://vivaldi.nlr.ru/lo000010117/text</subfield>
  </datafield>
  <datafield tag="901" ind1=" " ind2=" ">
    <subfield code="e">&#x418;&#x437;&#x43E;&#x433;&#x440;&#x430;&#x444;&#x438;&#x447;&#x435;&#x441;&#x43A;&#x438;&#x435; &#x43C;&#x430;&#x442;&#x435;&#x440;&#x438;&#x430;&#x43B;&#x44B;</subfield>
  </datafield>
  <datafield tag="942" ind1=" " ind2=" ">
    <subfield code="c">VISUAL</subfield>
  </datafield>
  <datafield tag="980" ind1=" " ind2=" ">
    <subfield code="a">NB</subfield>
  </datafield>
  <datafield tag="981" ind1="1" ind2="7">
    <subfield code="a">(17) &#x418;&#x437;&#x43E;&#x433;&#x440;&#x430;&#x444;&#x438;&#x447;&#x435;&#x441;&#x43A;&#x438;&#x435; &#x43C;&#x430;&#x442;&#x435;&#x440;&#x438;&#x430;&#x43B;&#x44B;</subfield>
    <subfield code="b">(17) &#x41E;&#x442;&#x43A;&#x440;&#x44B;&#x442;&#x43A;&#x438;</subfield>
  </datafield>
</record>
